01795nam a2200349 a 4500001001200000003000800012006001900020007001500039008004100054020001800095040002100113035002100134043001200155050002600167245029600193260005700489300002800546504004100574533015200615650004300767650005500810650004800865650005800913650005600971655002901027710011601056710007501172710003601247710001701283856012601300999001901426ebr10209913CaPaEBRm u cr cn|||||||||081023s2008 dcuabdo sb 000 0 eng d z9780309113618 aCaPaEBRcCaPaEBR a(OCoLC)648335456 an-us---14aS494.5.E5bW38 2008eb00aWater implications of biofuels production in the United Statesh[electronic resource] /cCommittee on Water Implications of Biofuels Production in the United States, Water Science and Technology Board, Division on Earth and Life Sciences, National Research Council of the National Academies. aWashington, D.C. :bNational Academies Press,c2008. ax, 76 p. :bill., maps. aIncludes bibliographical references. aElectronic reproduction.bPalo Alto, Calif. :cebrary,d2013.nAvailable via World Wide Web.nAccess may be limited to ebrary affiliated libraries. 0aAgriculture and energyzUnited States. 0aFertilizersxEnvironmental aspectszUnited States. 0aNutrient pollution of waterzUnited States. 0aBiomass energyxEnvironmental aspectszUnited States. 0aEnergy cropsxEnvironmental aspectszUnited States. 7aElectronic books.2local2 aNational Research Council (U.S.).bCommittee on Water Implications of Biofuels Production in the United States.2 aNational Research Council (U.S.).bWater Science and Technology Board.2 aNational Academies Press (U.S.)2 aebrary, Inc.40uhttp://site.ebrary.com/lib/rucke/Doc?id=10209913zAn electronic book accessible through the World Wide Web; click to view c124008d124008